000
00292nam a22001337a 4500
008
170426b xxu||||| |||| 00| 0 eng d
020
_a
9780669354911
041
_a
eng
080
_2
10TH
_a
54
100
_a
12
101
_a
SHM
245
_a
GENERAL CHEMISTRY
_c
HERED, G.R
942
_2
udc
_c
BK
999
_c
12160
_d
12160